Name a Country Where These Amphibians Are Found #3 - Statistics

General Stats
  • This quiz has been taken 6 times
  • The average score is 70 of 147
Answer Stats
Picture Hint Answer % Correct
Japanese Rift Salamander Japan
100%
Common Frog Russia | Kazakhstan | Norway | Sweden | Finland | Ireland | United Kingdom | Spain | Portugal | France | Italy | Greece | Slovenia | Switzerland | Andorra | Denmark | Belgium | Netherlands | Germany | Poland | Ukraine | Moldova | Bulgaria | Romania | Hungary | Czech Republic | Albania | Bosnia & Herzegovina | Croatia | Austria | Slovakia | Kosovo | Montenegro | Serbia | North Macedonia | Estonia | Lithuania | Belarus | Latvia | Liechtenstein | Luxembourg | San Marino
100%
American Bullfrog United States of America | Canada | Mexico | Cuba | Jamaica | Colombia | Ecuador | Uruguay | Brazil | Italy | United Kingdom | France | Greece | Germany | Denmark | Croatia | Slovenia | Japan | China | Taiwan | Malaysia | Indonesia | Argentina | South Korea | Belgium | Haiti | Dominican Republic | Netherlands | Venezuela
100%
Lake Titicaca Frog Bolivia | Peru
83%
Wood Frog Canada | United States of America
83%
Alpine Newt France | Germany | Spain | Italy | Austria | Poland | Ukraine | Romania | Bulgaria | Greece | Albania | Serbia | North Macedonia | Montenegro | Kosovo | Switzerland | Slovenia | Bosnia & Herzegovina | Croatia | Slovakia | Czech Republic | Belgium | Luxembourg | Netherlands | Liechtenstein | San Marino | United Kingdom | New Zealand
83%
Karaavali Skittering Frog India
83%
Indian Bullfrog India | Afghanistan | Bangladesh | Myanmar | Nepal | Pakistan
83%
Axolotl Mexico
83%
Siberian Salamander Russia | Kazakhstan | Mongolia | China
83%
African Bullfrog South Africa | Namibia | Botswana | Zimbabwe | Malawi | Angola | Zambia | Tanzania | Mozambique | Democratic Republic of the Congo | Kenya
83%
Iberian Ribbed Newt Spain | Portugal | Morocco
83%
Hellbender United States of America
83%
California Tiger Salamander United States of America
83%
Red River Waterdog United States of America
83%
Texas Blind Salamander United States of America
83%
Common Mudpuppy United States of America | Canada
83%
Coastal Giant Salamander United States of America | Canada
83%
Pyrenean Brook Salamander Andorra | France | Spain
67%
Common Rain Frog Angola | Democratic Republic of the Congo | Namibia | Botswana | Zambia | Zimbabwe | South Africa | Eswatini | Mozambique
67%
Giant River Frog Brunei | Malaysia | Indonesia
67%
Balu Eastern Frog Brunei | Malaysia | Indonesia
67%
Goliath Frog Cameroon | Equatorial Guinea
67%
Blue-Spotted Salamander Canada | United States of America
67%
Northern Leopard Frog Canada | United States of America
67%
Shangcheng Stout Salamander China
67%
Emperor Newt China
67%
Alpine Salamander Germany | France | Switzerland | Austria | Croatia | Bosnia & Herzegovina | Italy | Slovenia | Montenegro | Kosovo
67%
Karpathos Frog Greece
67%
Purple Frog India
67%
Lake Patzcuaro Salamander Mexico
67%
Michoacan Stream Salamander Mexico
67%
Eastern Himalayan Crocodile Newt Nepal | India | Bhutan
67%
Smooth Newt Russia | Ukraine | Belarus | Estonia | Lithuania | Latvia | Norway | Finland | Sweden | United Kingdom | Ireland | Moldova | Romania | Bulgaria | Poland | Germany | France | Luxembourg | Belgium | Netherlands | Switzerland | Austria | Hungary | Slovakia | Czech Republic | Croatia | Bosnia & Herzegovina | Kosovo | Montenegro | Serbia | Albania | North Macedonia | Slovenia | Liechtenstein | Vatican City | San Marino | Kazakhstan
67%
Black Rain Frog South Africa
67%
Giant Rain Frog South Africa
67%
Wallace's Flying Frog Thailand | Myanmar | Malaysia | Indonesia | Brunei
67%
Seal Salamander United States of America
67%
Greater Siren United States of America
67%
Red Salamander United States of America
67%
Mud Salamander United States of America
67%
Red-Bellied Newt United States of America
67%
Mole Salamander United States of America
67%
Northern Dwarf Siren United States of America
67%
Marbled Salamander United States of America
67%
Tiger Salamander United States of America
67%
Cascade Torrent Salamander United States of America
67%
Cherokee Black-Bellied Salamander United States of America
67%
Red-Cheeked Salamander United States of America
67%
Spotted Salamander United States of America | Canada
67%
Crowned Bullfrog Algeria | Angola | Benin | Burkina Faso | Burundi | Cameroon | Central African Republic | Chad | Republic of the Congo | Democratic Republic of the Congo | Ivory Coast | Equatorial Guinea | Ethiopia | Gabon | Gambia | Ghana | Guinea | Guinea-Bissau | Kenya | Liberia | Libya | Mali | Mauritania | Morocco | Niger | Nigeria | Rwanda | Senegal | Sierra Leone | Sudan | Tanzania | Togo | Uganda | Zambia
50%
Common Sand Frog Angola | Botswana | Cameroon | Djibouti | Eritrea | Eswatini | Ethiopia | Kenya | Lesotho | Malawi | Mali | Mauritania | Mozambique | Namibia | Niger | Nigeria | Senegal | Somalia | South Africa | Sudan | Tanzania | Uganda | Zambia | Zimbabwe
50%
Boettger's Caecilian Argentina | Paraguay | Bolivia | Brazil
50%
Assam Asian Frog Bangladesh | India
50%
Bahia Forest Frog Brazil
50%
Banna Caecilian Cambodia | Laos | Myanmar | Thailand | Vietnam | China
50%
Gaboon Caecilian Cameroon | Democratic Republic of the Congo | Ivory Coast | Equatorial Guinea | Gabon | Ghana | Guinea | Liberia | Nigeria | Sierra Leone
50%
Darwin's Frog Chile | Argentina
50%
Banded Bullfrog China | India | Vietnam | Laos | Cambodia | Thailand | Myanmar | Indonesia | Singapore | Malaysia | Taiwan | Philippines | United States of America (Guam)
50%
Black-Webbed Treefrog China | Laos | Thailand | Vietnam
50%
Olm Croatia | Bosnia & Herzegovina | Italy | Kosovo
50%
Lincoln's Climbing Salamander Guatemala | Mexico
50%
Starry Dwarf Frog India
50%
Galaxy Frog India
50%
White-Spotted Bush Frog India
50%
Variable Bush Frog India
50%
Spinular Night Frog India
50%
Near Eastern Fire Salamander Iran | Iraq | Turkey | Syria | Lebanon | Israel
50%
Golden Mantella Madagascar
50%
Tomato Frog Madagascar
50%
Cinnamon Frog Malaysia | Thailand | Singapore | Indonesia | Brunei | Philippines
50%
Deli Paddy Frog Myanmar | Thailand | Vietnam | Laos | Cambodia | Malaysia | Indonesia | China
50%
Moor Frog Russia | Kazakhstan | China | Mongolia | Austria | Belarus | Belgium | Czech Republic | Denmark | Estonia | Finland | France | Germany | Hungary | Latvia | Lithuania | Moldova | Netherlands | Norway | Poland | Romania | Slovakia | Slovenia | Sweden | Switzerland | Ukraine
50%
Cape Caco South Africa
50%
Natal Bandit Frog South Africa
50%
Fire Salamander Spain | Portugal | France | Monaco | Andorra | Italy | Greece | Ukraine | Romania | Bulgaria | Poland | Germany | Belgium | Netherlands | Luxembourg | Austria | Switzerland | Slovenia | Hungary | Czech Republic | Serbia | Albania | Kosovo | Montenegro | North Macedonia | Croatia | Bosnia & Herzegovina | Slovakia | Liechtenstein | Vatican City | Turkey
50%
Webster's Salamander United States of America
50%
Ringed Salamander United States of America
50%
Two-Toed Amphiuma United States of America
50%
Orange-Bellied Newt United States of America
50%
Northern Grotto Salamander United States of America
50%
Edible Bullfrog Angola | Benin | Botswana | Burkina Faso | Chad | Kenya | Malawi | Mali | Mauritania | Mozambique | Nigeria | Tanzania | Zambia | Zimbabwe
33%
Sehuencas Water Frog Bolivia
33%
Atretochoana Eiselti Brazil
33%
Boie's Frog Brazil
33%
Rock Skipper Brunei | Indonesia | Malaysia
33%
Benito River Night Frog Cameroon | Equatorial Guinea | Gabon | Central African Republic | Republic of the Congo | Democratic Republic of the Congo
33%
Masako Ball Frog Cameroon | Gabon | Central African Republic | Republic of the Congo | Democratic Republic of the Congo
33%
Robust Giant Frog Cameroon | Nigeria
33%
Dotted Bubble-Nest Frog China
33%
Northeastern Paddle-Tailed Newt China
33%
Rio Lita Caecilian Colombia | Ecuador | Panama
33%
Two-Coloured Caecilian Colombia | Ecuador | Peru
33%
Marbled Newt France | Spain | Portugal
33%
Bolitoglossa Mulleri Guatemala | Mexico
33%
Amboli Leaping Frog India
33%
Mountain Globular Frog India
33%
Green-Eyed Bushfrog India
33%
Toad-Skinned Frog India
33%
Wayanad Bush Frog India
33%
King Dwarf Mountain Frog Indonesia
33%
Red-Bellied Frog Indonesia | Malaysia | Thailand
33%
Abe's Salamander Japan
33%
Climbing Mantella Madagascar
33%
Blue-Black Reed Frog Madagascar
33%
Red-Legged False Brook Salamander Mexico
33%
Black Jumping Salamander Mexico
33%
Northern Sheep Frog Mexico | United States of America | Guatemala | Belize | El Salvador | Nicaragua | Honduras | Costa Rica
33%
Banded Rubber Frog Namibia | Angola | Botswana | South Africa | Eswatini | Malawi | Mozambique | Kenya | Somalia | Democratic Republic of the Congo | Zambia | Uganda | Zimbabwe | Tanzania
33%
Green Pond Frog Pakistan | India | Bangladesh | Sri Lanka
33%
Hazel's Forest Frog Philippines
33%
Forest Rain Frog South Africa
33%
Banded Stream Frog South Africa
33%
Strawberry Rain Frog South Africa
33%
Spotted Snout-Burrower South Africa | Eswatini
33%
Yellow-Striped Reed Frog South Africa | Eswatini | Mozambique
33%
Power's Reed Frog South Africa | Mozambique
33%
Northern Banded Newt Turkey | Georgia | Armenia | Russia
33%
Southern Grotto Salamander United States of America
33%
Mossy Frog Vietnam | Laos | China
33%
Kokarit Frog Cambodia | Laos | Myanmar | Thailand | Vietnam
17%
Balloon Frog Cambodia | Laos | Myanmar | Thailand | Vietnam
17%
Telmatobius Chusmisensis Chile
17%
Barrio's Frog Chile
17%
La Loma Salamander Costa Rica | Panama
17%
Cusuco Worm Salamander Honduras
17%
Mount Albo Cave Salamander Italy
17%
Boophis Picturatus Madagascar
17%
Warty Bright-Eyed Frog Madagascar
17%
Bott's Bright-Eyed Frog Madagascar
17%
Mantidactylus Pauliani Madagascar
17%
Rainbow Burrowing Frog Madagascar
17%
Boophis Anjanaharibeensis Madagascar
17%
Mongrel Frog Malawi
17%
Green Mountain Frog Myanmar
17%
Wide-Disked Narrow-Mouthed Frog Myanmar | Malaysia | Thailand
17%
Yellow-Headed Caecilian Panama | Colombia
17%
Gold-Striped Salamander Portugal | Spain
17%
Island Caecilian São Tomé & Príncipe
17%
Gardiner's Frog Seychelles
17%
Southern Whipping Frog Sri Lanka
17%
Elegant Shrub Frog Sri Lanka
17%
Schmarda's Shrub Frog Sri Lanka
17%
Highland Rain Frog Tanzania
17%
Southern Torrent Frog Tanzania
17%
Uluguru Banana Frog Tanzania
17%
Gyldenstolpe's Frog Thailand | Laos | Cambodia
17%
No matching quizzes found
Score Distribution
Percent of People with Each Score
Percentile by Number Answered
Your Score History
You have not taken this quiz